[Event "Titled Tuesday 2025.05.20 Late"]
[Site "Chess.com INT"]
[Date "2025.05.20"]
[Round "3"]
[White "Noy, Eyal"]
[Black "Keleberda, Tymur"]
[Result "1-0"]
[WhiteElo "2346"]
[BlackElo "2348"]
[WhiteFideId "-1"]
[BlackFideId "-1"]
[PlyCount "165"]
[GameId "2181912641382395"]
[EventDate "2025.05.20"]
[EventType "swiss (blitz)"]
[EventRounds "11"]
[EventCountry "NET"]
[SourceTitle "Mega2025 Update 30"]
[Source "Chessbase"]
[SourceDate "2025.05.29"]
[SourceVersion "1"]
[SourceVersionDate "2025.05.29"]
[SourceQuality "1"]

1. e4 a6 2. a4 e6 3. d4 d5 4. Nd2 c5 5. exd5 Qxd5 6. Ngf3 cxd4 7. Bc4 Qd7 8. O-O Nc6 9. Nb3 Nf6 10. Bf4 Bd6 11. Bxd6 Qxd6 12. Nbxd4 Nxd4 13. Qxd4 Qxd4 14. Nxd4 Bd7 15. a5 Rc8 16. b3 O-O 17. Rfe1 Rc5 18. Nf3 Rfc8 19. Ne5 Be8 20. Nd3 R5c7 21. f3 Kf8 22. Kf2 Ke7 23. Ke3 Bb5 24. Nb2 Bd7 25. Red1 Ne8 26. Rd2 Nd6 27. Rad1 Nf5+ 28. Kf2 h5 29. Nd3 Be8 30. g3 g5 31. h3 h4 32. g4 Nd6 33. Nb2 Nxc4 34. Nxc4 Bb5 35. Na3 Bc6 36. Nc4 f5 37. gxf5 exf5 38. Re1+ Kf6 39. Rd6+ Kg7 40. Rg1 g4 41. hxg4 f4 42. Ne5 Be8 43. c4 Re7 44. Nd3 Re3 45. Re1 Rxe1 46. Kxe1 h3 47. Kf2 Bc6 48. Nxf4 h2 49. Kg2 Rh8 50. Nh5+ Kf7 51. Kxh2 Ke7 52. Rd3 Be8 53. Rd5 Bc6 54. Rf5 Bd7 55. Rf4 Be8 56. Rf5 Bd7 57. Rg5 Bc6 58. Kg3 Kd6 59. Nf4 Re8 60. c5+ Kc7 61. Rg7+ Kc8 62. Nh3 Re3 63. Rf7 Bd5 64. Rf8+ Kd7 65. Ng5 Rxb3 66. Rf6 Rb5 67. Rd6+ Ke7 68. Rxd5 Rxa5 69. Ne4 Ra2 70. g5 a5 71. g6 Ra1 72. Rd2 a4 73. Rg2 Kf8 74. Kf4 Kg7 75. Nf6 Re1 76. Nh5+ Kg8 77. g7 Re6 78. Kf5 Rh6 79. Nf6+ Rxf6+ 80. Kxf6 a3 81. Re2 a2 82. Re8+ Kh7 83. Rh8# 1-0

[Event "Titled Tuesday 2025.05.13 Late"]
[Site "chess.com INT"]
[Date "2025.05.13"]
[Round "1"]
[White "Keleberda, Tymur"]
[Black "Danila, Tudor-Gabriel"]
[Result "1-0"]
[WhiteElo "2348"]
[BlackElo "2178"]
[WhiteFideId "-1"]
[BlackFideId "-1"]
[PlyCount "121"]
[GameId "2179343381808636"]
[EventDate "2025.05.13"]
[EventType "swiss (blitz)"]
[EventRounds "11"]
[EventCountry "NET"]
[SourceTitle "The Week in Chess 1593"]
[Source "Mark Crowther"]
[SourceDate "2025.05.19"]
[SourceVersion "1"]
[SourceVersionDate "2025.05.19"]
[SourceQuality "2"]

1. Nf3 Nf6 2. c4 e6 3. d4 c5 4. d5 d6 5. Nc3 exd5 6. cxd5 g6 7. h3 Bg7 8. e4 O-O 9. Be2 b5 10. Bxb5 Nxe4 11. Nxe4 Qa5+ 12. Kf1 Qxb5+ 13. Kg1 Qb6 14. Bf4 Bf5 15. Nxd6 Qxb2 16. Rc1 Bd7 17. Kh2 Qxa2 18. Be3 Na6 19. Re1 Rad8 20. Re2 Qa5 21. Bf4 Ba4 22. Qd3 Nb4 23. Qa3 Qa6 24. Re4 Rxd6 25. Rxc5 Nxd5 26. Rxa4 Qb6 27. Bxd6 Qxd6+ 28. g3 Nb6 29. Rc2 Qd1 30. Rd2 Qxf3 31. Qxf3 Nxa4 32. Rd7 Nc5 33. Rxa7 Ne6 34. Ra4 Nd4 35. Qd5 Ne6 36. Ra7 Nd4 37. h4 Ne6 38. h5 Bd4 39. Kg2 Bxa7 40. h6 Bd4 41. f4 Bf6 42. f5 Ng5 43. g4 Rd8 44. Qc6 Be5 45. Kf1 Rd1+ 46. Ke2 Rd8 47. Qb5 Bf6 48. Qb6 Re8+ 49. Kf1 Be5 50. Qb5 Kf8 51. Qc5+ Re7 52. Qb4 Ke8 53. Qb5+ Kd8 54. Qd5+ Kc8 55. Qa8+ Kd7 56. Qb7+ Kd6 57. Qb4+ Kd5 58. Qxe7 Ke4 59. Qxg5 Bf4 60. Qe7+ Kf3 61. Qxf7 1-0

[Event "Titled Tuesday 2025.05.13 Late"]
[Site "chess.com INT"]
[Date "2025.05.13"]
[Round "2"]
[White "Gajic, Ml"]
[Black "Keleberda, Tymur"]
[Result "0-1"]
[WhiteElo "2246"]
[BlackElo "2348"]
[WhiteFideId "-1"]
[BlackFideId "-1"]
[PlyCount "152"]
[GameId "2179343381894849"]
[EventDate "2025.05.13"]
[EventType "swiss (blitz)"]
[EventRounds "11"]
[EventCountry "NET"]
[SourceTitle "The Week in Chess 1593"]
[Source "Mark Crowther"]
[SourceDate "2025.05.19"]
[SourceVersion "1"]
[SourceVersionDate "2025.05.19"]
[SourceQuality "2"]

1. d4 a6 2. Nf3 e6 3. e3 Nf6 4. Bd3 d5 5. O-O Nbd7 6. Nbd2 c5 7. c3 b5 8. Re1 Qb6 9. e4 dxe4 10. Nxe4 Bb7 11. Qe2 Be7 12. a4 c4 13. Bc2 Qc7 14. Bg5 h6 15. Bh4 Nxe4 16. Bxe4 Bxh4 17. Nxh4 Nf6 18. Bxb7 Qxb7 19. axb5 axb5 20. Rxa8+ Qxa8 21. b3 O-O 22. bxc4 bxc4 23. Qxc4 Rc8 24. Qd3 Qa3 25. Re3 Nd5 26. Re1 Rxc3 27. Qe4 Rc1 28. Nf3 Qc3 29. Rxc1 Qxc1+ 30. Qe1 Qc4 31. Qf1 Qc2 32. Qe1 Nf4 33. g3 Nd5 34. Kg2 g5 35. h3 Nc3 36. Qd2 Qb3 37. Nxg5 Qd5+ 38. Nf3 Nb5 39. Qxh6 Nxd4 40. Qg5+ Qxg5 41. Nxg5 Kg7 42. Ne4 f5 43. Nc5 Kf6 44. Nd7+ Ke7 45. Ne5 Kf6 46. Nf3 Nc6 47. h4 e5 48. Kf1 e4 49. Nd2 Ne5 50. Ke2 Ng4 51. Nc4 Ke6 52. Ne3 Ne5 53. h5 Kf6 54. Nd5+ Kg5 55. Nf4 Ng4 56. Kf1 Ne5 57. Kg2 Nf3 58. Kf1 Kh6 59. Ke2 Ng5 60. Ke3 Nf3 61. Ke2 Ne5 62. Ke3 Kg5 63. Kd4 Ng4 64. Kd5 Nxf2 65. Ke6 Ng4 66. Kf7 e3 67. Kg7 Nh6 68. Ne2 Kxh5 69. Kf6 Kg4 70. Ke5 Kf3 71. Nd4+ Kf2 72. Kf4 e2 73. Nxe2 Kxe2 74. Kg5 Kf3 75. Kxh6 Kxg3 76. Kg5 f4 0-1

[Event "Titled Tuesday 2025.05.13 Late"]
[Site "chess.com INT"]
[Date "2025.05.13"]
[Round "3"]
[White "Erigaisi, Arjun"]
[Black "Keleberda, Tymur"]
[Result "1-0"]
[WhiteElo "2782"]
[BlackElo "2348"]
[WhiteFideId "-1"]
[BlackFideId "-1"]
[PlyCount "51"]
[GameId "2179343381907169"]
[EventDate "2025.05.13"]
[EventType "swiss (blitz)"]
[EventRounds "11"]
[EventCountry "NET"]
[SourceTitle "The Week in Chess 1593"]
[Source "Mark Crowther"]
[SourceDate "2025.05.19"]
[SourceVersion "1"]
[SourceVersionDate "2025.05.19"]
[SourceQuality "2"]

1. b3 e5 2. Bb2 d6 3. e3 g6 4. d4 e4 5. d5 Nf6 6. Nd2 Bf5 7. Ne2 Bg7 8. Ng3 O-O 9. Nxf5 gxf5 10. c4 c6 11. Be2 cxd5 12. cxd5 Qa5 13. O-O Qxd5 14. Nc4 Qxd1 15. Rfxd1 d5 16. Nd6 b6 17. Nxf5 Rd8 18. Rac1 Bh8 19. g4 Nbd7 20. g5 Ne8 21. Nh6+ Kf8 22. Bxh8 f6 23. h4 Ke7 24. Rxd5 Ne5 25. gxf6+ Nxf6 26. Rxe5+ 1-0

[Event "Titled Tuesday 2025.05.13 Late"]
[Site "chess.com INT"]
[Date "2025.05.13"]
[Round "4"]
[White "Keleberda, Tymur"]
[Black "Safranek, William"]
[Result "0-1"]
[WhiteElo "2348"]
[BlackElo "2165"]
[WhiteFideId "-1"]
[BlackFideId "-1"]
[PlyCount "146"]
[GameId "2179343382038544"]
[EventDate "2025.05.13"]
[EventType "swiss (blitz)"]
[EventRounds "11"]
[EventCountry "NET"]
[SourceTitle "The Week in Chess 1593"]
[Source "Mark Crowther"]
[SourceDate "2025.05.19"]
[SourceVersion "1"]
[SourceVersionDate "2025.05.19"]
[SourceQuality "2"]

1. c4 e5 2. g3 Nf6 3. Bg2 d5 4. cxd5 Nxd5 5. d3 Nc6 6. Nf3 Be7 7. O-O O-O 8. a3 Re8 9. Qc2 Bf6 10. Nbd2 Nd4 11. Nxd4 exd4 12. Nf3 c6 13. Re1 Qe7 14. Bd2 Bf5 15. Qc4 Qd7 16. a4 Re7 17. a5 Nc7 18. Bb4 Re6 19. Bc5 Nb5 20. Ra4 Rd8 21. h3 h5 22. h4 Bg4 23. Kf1 Qd5 24. Ng5 Qxc4 25. dxc4 Bxg5 26. hxg5 Re5 27. cxb5 Rxc5 28. bxc6 bxc6 29. f3 Bf5 30. a6 Rb5 31. b4 Bc2 32. Ra2 Bb3 33. Rb2 Rxb4 34. Rc1 Rdb8 35. Rxc6 Bc4 36. Rxb4 Rxb4 37. f4 Ra4 38. Bf3 g6 39. Kf2 Bxa6 40. Bd5 Bb7 41. Rxg6+ Kf8 42. Rd6 Ke7 43. Bxb7 Kxd6 44. f5 Ke5 45. g6 fxg6 46. fxg6 Kf6 47. Be4 Rb4 48. Kf3 a5 49. Bd5 a4 50. Ke4 a3 51. Kd3 Ra4 52. Ba2 Kxg6 53. Ke4 Kg5 54. Kd3 Kg4 55. e3 dxe3 56. Kxe3 Kxg3 57. Ke2 h4 58. Bb3 a2 59. Bxa4 a1=Q 60. Bc2 Qb2 61. Kd2 Qxc2+ 62. Kxc2 h3 63. Kd3 h2 64. Ke3 h1=Q 65. Kd4 Qf3 66. Ke5 Qe3+ 67. Kf5 Qd4 68. Ke6 Qc5 69. Kf6 Qd5 70. Kg6 Qe5 71. Kh7 Qf6 72. Kg8 Qe7 73. Kh8 Kg4 0-1

[Event "Titled Tuesday 2025.05.06 Early"]
[Site "Chess.com INT"]
[Date "2025.05.06"]
[Round "1"]
[White "Cappai, Davide"]
[Black "Keleberda, Tymur"]
[Result "0-1"]
[WhiteElo "2117"]
[BlackElo "2348"]
[WhiteFideId "-1"]
[BlackFideId "-1"]
[PlyCount "140"]
[GameId "2176783725242427"]
[EventDate "2025.05.06"]
[EventType "swiss (blitz)"]
[EventRounds "11"]
[EventCountry "NET"]
[SourceTitle "Mega2025 Update 28"]
[Source "Chessbase"]
[SourceDate "2025.05.21"]
[SourceVersion "1"]
[SourceVersionDate "2025.05.21"]
[SourceQuality "1"]

1. e4 a6 2. d4 e6 3. f3 d5 4. Nc3 Bb4 5. Be3 Bxc3+ 6. bxc3 dxe4 7. fxe4 Qh4+ 8. Kd2 Qxe4 9. Nf3 Nf6 10. Bd3 Qd5 11. Qe2 Ne4+ 12. Bxe4 Qxe4 13. Rhf1 Qd5 14. Ne5 Rf8 15. Qh5 Nc6 16. Rxf7 Nxe5 17. Rxf8+ Kxf8 18. Qxe5 Qxe5 19. dxe5 Bd7 20. Rf1+ Kg8 21. Bg5 Bb5 22. Rf4 h6 23. Be7 Re8 24. Bc5 b6 25. Be3 c5 26. h4 Rd8+ 27. Ke1 Bc6 28. g3 Rd5 29. Re4 Kh7 30. g4 Kg8 31. Bf4 Kf7 32. Re2 Kg6 33. Rf2 h5 34. g5 Rd7 35. Bd2 Rd8 36. Be3 Be4 37. Rf4 Bxc2 38. Bd2 Rd5 39. Be3 Rxe5 40. Kd2 Bf5 41. Ra4 a5 42. Bf4 Rd5+ 43. Ke2 Bd3+ 44. Kf2 c4 45. Bc7 Rb5 46. Ke3 e5 47. Ra3 Kf5 48. Bd8 g6 49. Bc7 Kg4 50. Bd6 Kxh4 51. Ra4 Kg4 52. Bc7 Kf5 53. Bxb6 Rxb6 54. Rxa5 Rb1 55. Ra7 h4 56. Rh7 Kxg5 57. a4 Ra1 58. a5 Rxa5 59. Kf3 Ra3 60. Kg2 Rxc3 61. Kh3 Rc2 62. Rh5+ Kf6 63. Rh8 Bf5+ 64. Kxh4 Rh2+ 65. Kg3 Rxh8 66. Kf3 Rc8 67. Ke2 Ke6 68. Ke1 Kd5 69. Kd1 Kd4 70. Kc1 e4 0-1

[Event "Titled Tuesday 2025.05.06 Early"]
[Site "Chess.com INT"]
[Date "2025.05.06"]
[Round "2"]
[White "Keleberda, Tymur"]
[Black "Girsh, Daniel"]
[Result "0-1"]
[WhiteElo "2348"]
[BlackElo "2190"]
[WhiteFideId "-1"]
[BlackFideId "-1"]
[PlyCount "102"]
[GameId "2176783725328653"]
[EventDate "2025.05.06"]
[EventType "swiss (blitz)"]
[EventRounds "11"]
[EventCountry "NET"]
[SourceTitle "Mega2025 Update 28"]
[Source "Chessbase"]
[SourceDate "2025.05.21"]
[SourceVersion "1"]
[SourceVersionDate "2025.05.21"]
[SourceQuality "1"]

1. e4 c5 2. Ne2 Nf6 3. Nbc3 d5 4. exd5 Nxd5 5. g3 Bg4 6. Bg2 Nxc3 7. bxc3 Nc6 8. h3 Bf5 9. d4 e6 10. O-O Be7 11. Rb1 Qd7 12. Be3 O-O 13. g4 Bg6 14. Nf4 Rfd8 15. Nxg6 hxg6 16. dxc5 Qc7 17. Qe2 Rab8 18. Rfd1 Bf6 19. Rd3 Rxd3 20. cxd3 Bxc3 21. Qf3 Bd4 22. Qe4 e5 23. Qd5 Rd8 24. Qc4 Na5 25. Qb5 a6 26. Qa4 Bxe3 27. fxe3 Qxc5 28. Kh1 Kh7 29. Rf1 Rxd3 30. Rxf7 Rxe3 31. Rf1 Nc4 32. g5 b5 33. Qc2 Qd4 34. Qf2 Nd6 35. Qg1 Nf5 36. Rd1 Ng3+ 37. Kh2 Qf4 38. Qe1 Ne2+ 39. Kh1 Ng3+ 40. Kg1 Rxe1+ 41. Rxe1 e4 42. Rd1 e3 43. Re1 Qf2+ 44. Kh2 Qxe1 45. h4 Qf2 46. Kh3 e2 47. a4 e1=Q 48. axb5 Qe6+ 49. Kh2 Nf1+ 50. Kh1 Qh3+ 51. Bxh3 Qh2# 0-1

[Event "Titled Tuesday 2025.04.29 Early"]
[Site "chess.com INT"]
[Date "2025.04.29"]
[Round "1"]
[White "Fikiet, Alex"]
[Black "Keleberda, Tymur"]
[Result "0-1"]
[WhiteElo "2151"]
[BlackElo "2325"]
[WhiteFideId "-1"]
[BlackFideId "-1"]
[PlyCount "78"]
[GameId "2174240927277272"]
[EventDate "2025.04.29"]
[EventType "swiss (blitz)"]
[EventRounds "11"]
[EventCountry "NET"]
[SourceTitle "The Week in Chess 1591"]
[Source "Mark Crowther"]
[SourceDate "2025.05.05"]
[SourceVersion "1"]
[SourceVersionDate "2025.05.05"]
[SourceQuality "2"]

1. e4 a6 2. d4 e6 3. Nf3 d5 4. e5 c5 5. c3 Nc6 6. Bd3 Bd7 7. O-O cxd4 8. cxd4 Qb6 9. Be3 Qxb2 10. Nbd2 Qa3 11. Nb3 Nb4 12. Bb1 Rc8 13. Qd2 Ba4 14. Rc1 Rxc1+ 15. Nxc1 Nc6 16. Nd3 Bb5 17. Nc5 Bxc5 18. dxc5 Nge7 19. Nd4 Nxd4 20. Bxd4 Nc6 21. Be3 d4 22. Bf4 Qxc5 23. Be4 Nxe5 24. Rc1 Nc4 25. Qd3 e5 26. Bg3 Qb4 27. h4 Qb2 28. Rxc4 Bxc4 29. Qxc4 O-O 30. Bxe5 Re8 31. f4 Qa1+ 32. Kh2 Qe1 33. Qd3 Qxh4+ 34. Kg1 f6 35. Bd5+ Kh8 36. g3 Qh5 37. Bf3 Qh3 38. Bxd4 Qxg3+ 39. Kh1 Re1+ 0-1

[Event "Titled Tuesday 2025.04.29 Early"]
[Site "chess.com INT"]
[Date "2025.04.29"]
[Round "2"]
[White "Keleberda, Tymur"]
[Black "Landaw, J."]
[Result "0-1"]
[WhiteElo "2325"]
[BlackElo "2318"]
[WhiteFideId "-1"]
[BlackFideId "-1"]
[PlyCount "112"]
[GameId "2174240927396331"]
[EventDate "2025.04.29"]
[EventType "swiss (blitz)"]
[EventRounds "11"]
[EventCountry "NET"]
[SourceTitle "The Week in Chess 1591"]
[Source "Mark Crowther"]
[SourceDate "2025.05.05"]
[SourceVersion "1"]
[SourceVersionDate "2025.05.05"]
[SourceQuality "2"]

1. Nf3 d5 2. e3 Nf6 3. b3 b6 4. Bb2 Bb7 5. Be2 e6 6. O-O c5 7. Qc1 Nbd7 8. Ne5 Bd6 9. f4 Qc7 10. d4 Ne4 11. Nd2 Nxd2 12. Qxd2 f6 13. Nxd7 Qxd7 14. Rf3 O-O 15. Rh3 Rae8 16. Rf1 Rf7 17. Bd3 g6 18. Qe1 e5 19. dxe5 fxe5 20. f5 gxf5 21. Qg3+ Rg7 22. Bxf5 Rxg3 23. Rxg3+ Qg7 24. Rxg7+ Kxg7 25. Bxh7 d4 26. exd4 exd4 27. Bd3 Re7 28. c3 Be5 29. cxd4 Bxd4+ 30. Bxd4+ cxd4 31. Rf4 Re1+ 32. Kf2 Ra1 33. Rxd4 Rxa2+ 34. Be2 Kf6 35. Ke3 Bxg2 36. h4 Ke5 37. Rg4 Bd5 38. Rg5+ Kd6 39. Bd1 Rh2 40. h5 Rh3+ 41. Kd4 Rh4+ 42. Kc3 a5 43. Bc2 b5 44. Rg6+ Kc5 45. Rg5 b4+ 46. Kd2 Rh2+ 47. Kd1 Kd4 48. Bg6 Bxb3+ 49. Ke1 Bc4 50. Rxa5 Kc3 51. Re5 b3 52. Re3+ Kb4 53. Rg3 b2 54. Rg1 Kc3 55. Rg3+ Kd4 56. Rg1 Bd3 0-1

[Event "Titled Tuesday 2025.04.29 Early"]
[Site "chess.com INT"]
[Date "2025.04.29"]
[Round "3"]
[White "Begunov, K."]
[Black "Keleberda, Tymur"]
[Result "0-1"]
[WhiteElo "2325"]
[BlackElo "2325"]
[WhiteFideId "-1"]
[BlackFideId "-1"]
[PlyCount "64"]
[GameId "2174240927462000"]
[EventDate "2025.04.29"]
[EventType "swiss (blitz)"]
[EventRounds "11"]
[EventCountry "NET"]
[SourceTitle "The Week in Chess 1591"]
[Source "Mark Crowther"]
[SourceDate "2025.05.05"]
[SourceVersion "1"]
[SourceVersionDate "2025.05.05"]
[SourceQuality "2"]

1. d4 a6 2. e4 e6 3. f4 d5 4. e5 c5 5. c3 Nc6 6. Nf3 f6 7. Be3 Nh6 8. exf6 gxf6 9. dxc5 Ng4 10. Bd4 e5 11. fxe5 fxe5 12. h3 exd4 13. hxg4 Bxc5 14. cxd4 Bb4+ 15. Nc3 O-O 16. Bd3 Bxg4 17. Bxh7+ Kg7 18. Qd3 Re8+ 19. Kd2 Qf6 20. Raf1 Rac8 21. Ne5 Qg5+ 22. Kc2 Nxe5 23. dxe5 Rxe5 24. Kb1 Bxc3 25. bxc3 Be2 26. Qh3 Bxf1 27. Qxc8 Re1+ 28. Kb2 Qc1+ 29. Kb3 Bc4+ 30. Kb4 a5+ 31. Kc5 Qe3+ 32. Kd6 Qe7# 0-1

[Event "Titled Tuesday 2025.04.29 Early"]
[Site "chess.com INT"]
[Date "2025.04.29"]
[Round "4"]
[White "Keleberda, Tymur"]
[Black "Mostbauer, Maximilian"]
[Result "0-1"]
[WhiteElo "2325"]
[BlackElo "2182"]
[WhiteFideId "-1"]
[BlackFideId "-1"]
[PlyCount "110"]
[GameId "2174240927581078"]
[EventDate "2025.04.29"]
[EventType "swiss (blitz)"]
[EventRounds "11"]
[EventCountry "NET"]
[SourceTitle "The Week in Chess 1591"]
[Source "Mark Crowther"]
[SourceDate "2025.05.05"]
[SourceVersion "1"]
[SourceVersionDate "2025.05.05"]
[SourceQuality "2"]

1. Nf3 e6 2. c4 b6 3. d4 Bb7 4. g3 Nf6 5. Bg2 g6 6. O-O Bg7 7. Nc3 Ne4 8. Qc2 Nxc3 9. bxc3 O-O 10. e4 d6 11. Bg5 Qe8 12. Rfe1 Nd7 13. Qd2 e5 14. Bh6 f6 15. Bxg7 Kxg7 16. a4 a5 17. Re3 Qf7 18. Bf1 Rae8 19. Rb1 exd4 20. Qxd4 Nc5 21. Bh3 h6 22. Rbe1 Nxa4 23. Qd1 Nb2 24. Qc2 Nxc4 25. R3e2 Ne5 26. Nd4 c5 27. Nb5 Nf3+ 28. Kg2 Nxe1+ 29. Rxe1 Qe7 30. f3 Bc6 31. Na3 b5 32. Qd2 f5 33. e5 dxe5 34. c4 e4 35. Kg1 b4 36. Nb5 Bxb5 37. cxb5 Qd8 38. Qxd8 Rxd8 39. fxe4 Rfe8 40. e5 Rd5 41. e6 Rd6 42. Bg2 Rdxe6 43. Rd1 b3 44. Kf2 Re2+ 45. Kf1 b2 46. b6 Re1+ 47. Rxe1 Rxe1+ 48. Kxe1 b1=Q+ 49. Kf2 Qxb6 50. Bf3 Qb4 51. Be2 Qd4+ 52. Kg2 a4 53. Bf3 a3 54. Kh3 a2 55. Bg2 Qg4# 0-1

[Event "CAN-ch"]
[Site "Toronto CAN"]
[Date "2025.04.17"]
[Round "1.11"]
[White "Keleberda, Tymur"]
[Black "Wang, Nathan"]
[Result "1-0"]
[WhiteElo "2325"]
[BlackElo "1977"]
[WhiteFideId "-1"]
[BlackFideId "-1"]
[PlyCount "75"]
[GameId "2172435961302164"]
[EventDate "2025.04.17"]
[EventType "swiss"]
[EventRounds "9"]
[EventCountry "CAN"]

1. d4 Nf6 2. c4 g6 3. Nf3 Bg7 4. Nc3 d5 5. Qb3 dxc4 6. Qxc4 O-O 7. e4 a6 8. Qb3 b5 9. e5 Be6 10. Qd1 Nd5 11. Ne4 Nd7 12. Nfg5 Bf5 13. Ng3 e6 14. Nxf5 exf5 15. Be2 Re8 16. Qb3 Nf8 17. O-O f6 18. Bf3 c6 19. exf6 Bxf6 20. h4 Kg7 21. a4 h6 22. Nh3 Ne6 23. axb5 Nxd4 24. Qd3 Nb4 25. Bxh6+ Kxh6 26. Qd2+ Kg7 27. Qxb4 Nxf3+ 28. gxf3 Qd5 29. Rfd1 Qxf3 30. Rd7+ Kh8 31. Ng5 Qg4+ 32. Qxg4 fxg4 33. bxc6 Rec8 34. c7 Ra7 35. Rc1 Kg8 36. Rc6 Bxg5 37. hxg5 Kf8 38. Rd8+ 1-0

[Event "CAN-ch"]
[Site "Toronto CAN"]
[Date "2025.04.18"]
[Round "2.9"]
[White "Zhang, Brian"]
[Black "Keleberda, Tymur"]
[Result "0-1"]
[WhiteElo "1951"]
[BlackElo "2325"]
[WhiteFideId "-1"]
[BlackFideId "-1"]
[PlyCount "78"]
[GameId "2173072040680542"]
[EventDate "2025.04.17"]
[EventType "swiss"]
[EventRounds "9"]
[EventCountry "CAN"]

1. e4 e6 2. d4 d5 3. e5 c5 4. c3 Nc6 5. Nf3 a6 6. a3 Bd7 7. b4 cxd4 8. cxd4 b5 9. Nc3 Nge7 10. Bd3 h6 11. h4 Nc8 12. h5 Nb6 13. Rh4 Rc8 14. Bd2 Ne7 15. Ne2 Nc4 16. Bc3 Nf5 17. Rh3 Qb6 18. Nd2 Ne7 19. Rg3 Nc6 20. Nb3 a5 21. Nc5 Bxc5 22. dxc5 Qb8 23. Rxg7 Nxa3 24. bxa5 b4 25. Bb2 Nxa5 26. Bxa3 bxa3 27. f4 Qb4+ 28. Kf1 Nb3 29. Ra2 Nxc5 30. Rg3 Nxd3 31. Qxd3 Bb5 32. Qxa3 Qxf4+ 33. Rf3 Qxe5 34. Kf2 Rg8 35. Ng3 Qd4+ 36. Re3 Rg4 37. Rb2 Rf4+ 38. Kg1 Rc1+ 39. Kh2 Rh4# 0-1

[Event "CAN-ch"]
[Site "Toronto CAN"]
[Date "2025.04.18"]
[Round "3.3"]
[White "Keleberda, Tymur"]
[Black "Ivanov, Mike"]
[Result "1-0"]
[WhiteElo "2325"]
[BlackElo "2402"]
[WhiteFideId "-1"]
[BlackFideId "-1"]
[PlyCount "113"]
[GameId "2170886164653404"]
[EventDate "2025.04.17"]
[EventType "swiss"]
[EventRounds "9"]
[EventCountry "CAN"]

1. d4 Nf6 2. c4 g6 3. Nc3 Bg7 4. Nf3 d6 5. g3 O-O 6. Bg2 Nbd7 7. O-O e5 8. e4 Re8 9. h3 exd4 10. Nxd4 Nc5 11. Re1 Bd7 12. g4 h5 13. g5 Nh7 14. h4 Qc8 15. Bf4 Bh3 16. Bg3 a5 17. Re3 Bxg2 18. Kxg2 a4 19. Rc1 b6 20. Ndb5 Qb7 21. Qf3 Rad8 22. e5 Qxf3+ 23. Kxf3 dxe5 24. Nxc7 Rf8 25. N7d5 f6 26. Ke2 fxg5 27. hxg5 Nxg5 28. Bh4 Nge6 29. Bxd8 Nd4+ 30. Kf1 Rxd8 31. Rd1 Rd6 32. Ne4 Nxe4 33. Rxe4 g5 34. Nc3 a3 35. bxa3 Kf7 36. Re3 Rc6 37. Rb1 g4 38. Nd5 Rxc4 39. Rc3 Rxc3 40. Nxc3 Bf8 41. Rxb6 Bxa3 42. Rh6 g3 43. Rxh5 gxf2 44. Rxe5 Kf6 45. Rd5 Bb2 46. Nd1 Ke6 47. Rh5 Ba3 48. Kxf2 Kd6 49. Ke3 Ne6 50. Nc3 Kc6 51. Kd2 Nc5 52. Kc2 Bb4 53. Rh6+ Kb7 54. Nb5 Ba5 55. Nd6+ Ka7 56. Rh5 Bb4 57. a3 1-0

[Event "CAN-ch"]
[Site "Toronto CAN"]
[Date "2025.04.19"]
[Round "4.1"]
[White "Preotu, Razvan"]
[Black "Keleberda, Tymur"]
[Result "0-1"]
[WhiteElo "2470"]
[BlackElo "2325"]
[WhiteFideId "-1"]
[BlackFideId "-1"]
[PlyCount "104"]
[GameId "2170886164653409"]
[EventDate "2025.04.17"]
[EventType "swiss"]
[EventRounds "9"]
[EventCountry "CAN"]

1. e4 e6 2. d4 d5 3. Nc3 Nf6 4. e5 Nfd7 5. f4 c5 6. Nf3 Nc6 7. Be3 a6 8. Ne2 Qb6 9. Qc1 Be7 10. c3 O-O 11. h4 f6 12. Rh3 Qa5 13. Kf2 cxd4 14. cxd4 fxe5 15. fxe5 Ndxe5 16. dxe5 Nxe5 17. Kg1 Ng4 18. Nh2 Nxe3 19. Rxe3 Bc5 20. Kh1 Bxe3 21. Qxe3 Qb4 22. Nf3 Qxb2 23. Rd1 e5 24. Rxd5 Qxa2 25. Nc3 Qa3 26. Rxe5 Qa1 27. Kg1 Bg4 28. Nh2 Rac8 29. Nd5 Rc1 30. Nxg4 Rcxf1+ 31. Kh2 Qc1 32. Qb3 Kh8 33. Qxb7 Rh1+ 34. Kg3 Qa3+ 35. Nde3 Qc3 36. Rf5 Qe1+ 37. Kf4 Rxf5+ 38. Kxf5 Qb1+ 39. Qxb1 Rxb1 40. Nc4 a5 41. Nge5 a4 42. Na3 Rb3 43. Nec4 Rg3 44. Kf4 Rxg2 45. Kf3 Rg1 46. Ne3 Rc1 47. Nac2 Rb1 48. Kg4 Rb3 49. Nc4 Rc3 50. N4a3 Kg8 51. Kf4 Kf7 52. Kg4 Kg6 0-1

[Event "CAN-ch"]
[Site "Toronto CAN"]
[Date "2025.04.19"]
[Round "5.1"]
[White "Keleberda, Tymur"]
[Black "Sambuev, Bator"]
[Result "1/2-1/2"]
[WhiteElo "2325"]
[BlackElo "2429"]
[WhiteFideId "-1"]
[BlackFideId "-1"]
[PlyCount "50"]
[GameId "2170886164653416"]
[EventDate "2025.04.17"]
[EventType "swiss"]
[EventRounds "9"]
[EventCountry "CAN"]

1. d4 Nf6 2. c4 e6 3. Nf3 d5 4. Nc3 Bb4 5. cxd5 exd5 6. Bg5 h6 7. Bxf6 Qxf6 8. Rc1 O-O 9. a3 Bxc3+ 10. Rxc3 c6 11. e3 Bf5 12. Ne5 Nd7 13. Nxd7 Bxd7 14. Bd3 Qg5 15. Qf3 a5 16. Qg3 Qxg3 17. hxg3 Rfe8 18. Kd2 Kf8 19. Rh4 Ke7 20. Rh1 Kd6 21. Rhc1 a4 22. Rb1 Ra7 23. Rbc1 Raa8 24. Rb1 Ra7 25. Rbc1 Raa8 1/2-1/2

[Event "CAN-ch"]
[Site "Toronto CAN"]
[Date "2025.04.20"]
[Round "6.1"]
[White "Keleberda, Tymur"]
[Black "Noritsyn, Nikolay"]
[Result "0-1"]
[WhiteElo "2325"]
[BlackElo "2450"]
[WhiteFideId "-1"]
[BlackFideId "-1"]
[PlyCount "80"]
[GameId "2170886165198191"]
[EventDate "2025.04.17"]
[EventType "swiss"]
[EventRounds "9"]
[EventCountry "CAN"]

1. d4 d5 2. c4 dxc4 3. e3 Nf6 4. Bxc4 e6 5. Nf3 Be7 6. O-O a6 7. Qe2 b5 8. Bd3 Bb7 9. a4 Nbd7 10. Nbd2 O-O 11. axb5 axb5 12. Rxa8 Qxa8 13. Bxb5 c5 14. Re1 Rd8 15. Nb3 cxd4 16. Nfxd4 Nc5 17. f3 Bd5 18. Nd2 Bf8 19. Nc4 Qb8 20. Na5 Qb6 21. b4 Ncd7 22. Bd2 Rb8 23. Bxd7 Nxd7 24. b5 Ra8 25. Ndc6 e5 26. Kh1 e4 27. Bc3 Nc5 28. Rb1 exf3 29. gxf3 Re8 30. Rd1 Na4 31. Bd4 Bc5 32. Bxc5 Qxc5 33. e4 Nc3 34. Qc2 Qe3 35. Rd3 Qe1+ 36. Kg2 Ne2 37. Ne7+ Kh8 38. Nxd5 Qg1+ 39. Kh3 Qf1+ 40. Kh4 Qf2+ 0-1

[Event "CAN-ch"]
[Site "Toronto CAN"]
[Date "2025.04.21"]
[Round "7.3"]
[White "Kaufman, Raymond"]
[Black "Keleberda, Tymur"]
[Result "1-0"]
[WhiteElo "2216"]
[BlackElo "2325"]
[WhiteFideId "-1"]
[BlackFideId "-1"]
[PlyCount "93"]
[GameId "2170886165210488"]
[EventDate "2025.04.17"]
[EventType "swiss"]
[EventRounds "9"]
[EventCountry "CAN"]

1. d4 Nf6 2. c4 e6 3. Nc3 d5 4. cxd5 exd5 5. Bg5 Be7 6. e3 c6 7. Bd3 O-O 8. Qc2 Nbd7 9. h3 c5 10. Nf3 c4 11. Bf5 g6 12. Bxd7 Qxd7 13. O-O Re8 14. Bxf6 Bxf6 15. e4 dxe4 16. Nxe4 Bg7 17. Rfe1 b5 18. a4 Qd8 19. axb5 Bf5 20. g4 Be6 21. Re3 Qb6 22. Qe2 Red8 23. Nc3 Bxd4 24. Ra6 Qc5 25. Rexe6 fxe6 26. Qxe6+ Kf8 27. Rc6 Qe7 28. Qxc4 Bb6 29. Nd5 Qd7 30. Qf4+ Kg7 31. Qf6+ Kg8 32. Ne7+ Qxe7 33. Qxe7 Re8 34. Qb4 Rf8 35. Kg2 Rae8 36. Qc4+ Kg7 37. Re6 Rc8 38. Qe4 Rf7 39. Qe5+ Kg8 40. Re8+ Rxe8 41. Qxe8+ Kg7 42. Qe5+ Kg8 43. Ng5 Rf5 44. Kg3 h6 45. Qe8+ Kg7 46. Qe7+ Kg8 47. Ne6 1-0